Normal view
MARC view
- Madhava Rao, T S
Entry Personal Name
001 - CONTROL NUMBER
- control field: 6507
003 - CONTROL NUMBER IDENTIFIER
- control field: OSt
005 - DATE AND TIME OF LATEST TRANSACTION
- control field: 20241218152640.0
008 - FIXED-LENGTH DATA ELEMENTS
- fixed length control field: 241218|| aca||aabn | a|a d
040 ## - CATALOGING SOURCE
- Original cataloging agency: OSt
- Transcribing agency: OSt
100 ## - HEADING--PERSONAL NAME
- Personal name: Madhava Rao, T S
670 ## - SOURCE DATA FOUND
- Source citation: Work cat.: (OSt)10799: Madhava Rao, T S ., Power system protection: Static relays / , 1984.
